[Event "8th Sharjah Masters 2025"]
[Site "Sharjah UAE"]
[Date "2025.05.20"]
[Round "4.8"]
[White "Tabatabaei, M. Amin"]
[Black "Grebnev, Aleksey"]
[Result "1-0"]
[WhiteTitle "GM"]
[BlackTitle "GM"]
[WhiteElo "2670"]
[BlackElo "2556"]
[WhiteFideId "12521213"]
[BlackFideId "34189030"]
[EventDate "2025.05.17"]

1. d4 Nf6 2. c4 e6 3. Nc3 d5 4. cxd5 exd5 5. Bg5 c6 6. e3 h6 7. Bh4 Be7 8. Bd3
O-O 9. Nge2 Ne8 10. Bg3 Nd6 11. h3 Re8 12. O-O Bf8 13. Qc2 a5 14. a3 Na6 15. Kh1
b5 16. Ng1 Nc4 17. Nf3 Be6 18. Ne2 a4 19. Ne5 Qb6 20. Nf4 Nxe5 21. Bh7+ Kh8 22.
Nxe6 Rxe6 23. Bxe5 Ree8 24. Bf5 Rad8 25. b3 axb3 26. Qxb3 Qa5 27. Bb1 Kg8 28.
Qc2 g6 29. Qxc6 Re6 30. Qc2 b4 31. f4 Rb6 32. f5 bxa3 33. fxg6 fxg6 34. Qf2 Rb7 1-0

[Event "8th Sharjah Masters 2025"]
[Site "Sharjah UAE"]
[Date "2025.05.20"]
[Round "4.9"]
[White "Vetokhin, Savva"]
[Black "Sargsyan, Shant"]
[Result "1/2-1/2"]
[WhiteTitle "GM"]
[BlackTitle "GM"]
[WhiteElo "2558"]
[BlackElo "2666"]
[WhiteFideId "44144474"]
[BlackFideId "13306766"]
[EventDate "2025.05.17"]

1. d4 Nf6 2. c4 e6 3. Nc3 Bb4 4. e3 O-O 5. Bd3 d5 6. a3 Bxc3+ 7. bxc3 dxc4 8.
Bxc4 c5 9. Ne2 Qc7 10. Bd3 Nc6 11. Qc2 Na5 12. Qb1 e5 13. dxe5 Qxe5 14. c4 Rd8
15. O-O Qd6 16. Nf4 Be6 17. Qc2 Qa6 18. Nxe6 Qxe6 19. Bb2 h6 20. Rac1 Nc6 21.
Bf5 Qe7 22. Rfd1 Rxd1+ 23. Rxd1 Rd8 24. h3 Kf8 25. Rd3 b6 26. Rxd8+ Nxd8 27. Qc3
Ne8 28. Bg4 f6 29. Qc2 Nf7 30. Bf3 Ng5 31. Bc6 Qd6 32. Bd5 Nc7 33. Qf5 Nxd5 34.
cxd5 Qe7 35. Qc8+ Kf7 36. a4 Qe4 37. d6 Qb1+ 38. Kh2 Qxb2 39. d7 Nf3+ 40. Kg3
Qe5+ 41. Kxf3 Qf5+ 42. Kg3 Qe5+ 43. Kf3 1/2-1/2

[Event "8th Sharjah Masters 2025"]
[Site "Sharjah UAE"]
[Date "2025.05.20"]
[Round "4.10"]
[White "Woodward, Andy"]
[Black "Mendonca, Leon Luke"]
[Result "1-0"]
[WhiteTitle "GM"]
[BlackTitle "GM"]
[WhiteElo "2547"]
[BlackElo "2630"]
[WhiteFideId "30953499"]
[BlackFideId "35028561"]
[EventDate "2025.05.17"]

1. d4 d5 2. c4 c6 3. cxd5 cxd5 4. Bf4 Nf6 5. Nc3 Nc6 6. e3 Bf5 7. Qb3 Na5 8.
Qa4+ Bd7 9. Qc2 e6 10. Nf3 Rc8 11. Bd3 Bb4 12. O-O O-O 13. h3 a6 14. Rfc1 Bxc3
15. bxc3 Bb5 16. Bxb5 axb5 17. Qb2 Ne4 18. Qxb5 Nxc3 19. Qb2 Ne4 20. Qb4 b6 21.
Rxc8 Qxc8 22. Qxb6 Qc3 23. Qb1 Ra8 24. a4 h6 25. Ra2 Rc8 26. Kh2 g5 27. Be5 Qc4
28. Nd2 Nxd2 29. Rxd2 Qxa4 30. Ra2 Qb3 31. Rb2 Qa4 32. Bf6 Nc4 33. Ra2 Qd7 34.
Qe1 Nd6 35. f3 Ne8 36. Be5 f6 37. Bg3 Ng7 38. Qa1 Qb5 39. Rb2 Qc6 40. Qa7 Qe8
41. Rb7 Qg6 42. Qa6 Rf8 43. Bd6 Re8 44. Qc6 h5 45. e4 dxe4 46. fxe4 h4 47. Qd7
g4 48. hxg4 Qxg4 49. Qf7+ Kh8 50. Qxf6 Kh7 51. Be5 Rg8 52. Rxg7+ Rxg7 53. Qxg7+
Qxg7 54. Bxg7 Kxg7 55. Kh3 1-0

[Event "8th Sharjah Masters 2025"]
[Site "Sharjah UAE"]
[Date "2025.05.20"]
[Round "4.11"]
[White "Klimkowski, Jan"]
[Black "Daneshvar, Bardiya"]
[Result "0-1"]
[WhiteTitle "GM"]
[BlackTitle "GM"]
[WhiteElo "2503"]
[BlackElo "2621"]
[WhiteFideId "21856222"]
[BlackFideId "12576468"]
[EventDate "2025.05.17"]

1. d4 Nf6 2. c4 e6 3. Nc3 Bb4 4. e3 O-O 5. Bd2 d5 6. Nf3 Nbd7 7. Rc1 Be7 8. cxd5
exd5 9. Bd3 c6 10. O-O Bd6 11. Qc2 Re8 12. Rfe1 h6 13. h3 Nf8 14. Qb1 Bd7 15. b4
Rc8 16. e4 dxe4 17. Nxe4 Nxe4 18. Bxe4 Be6 19. b5 cxb5 20. Bxb7 Rxc1 21. Rxc1
Bd7 22. Bc6 Qb6 23. Bxd7 Nxd7 24. Qc2 Ba3 25. Rb1 a6 26. Bf4 Qb7 27. Qb3 Bf8 28.
Rc1 Rc8 29. Rxc8 Qxc8 30. Ne5 Nxe5 31. Bxe5 Qe6 32. Kf1 Qf5 33. Qd5 Qb1+ 34. Ke2
a5 35. Qb3 Qe4+ 36. Kf1 b4 37. g4 Be7 38. f3 Qc6 39. d5 Qb5+ 40. Ke1 a4 41. Qc2
Bh4+ 0-1

[Event "8th Sharjah Masters 2025"]
[Site "Sharjah UAE"]
[Date "2025.05.20"]
[Round "4.12"]
[White "Ivic, Velimir"]
[Black "Aditya, Mittal"]
[Result "1/2-1/2"]
[WhiteTitle "GM"]
[BlackTitle "GM"]
[WhiteElo "2630"]
[BlackElo "2547"]
[WhiteFideId "950122"]
[BlackFideId "35042025"]
[EventDate "2025.05.17"]

1. c4 Nf6 2. Nc3 e5 3. Nf3 Nc6 4. d3 d5 5. cxd5 Nxd5 6. g3 Bc5 7. Bg2 O-O 8. O-O
a5 9. Bg5 Nde7 10. Rc1 h6 11. Bxe7 Bxe7 12. Nd2 Be6 13. Nc4 f6 14. Bxc6 bxc6 15.
Qa4 Qd7 16. Rfd1 Rfb8 17. Qc2 Bxc4 18. dxc4 Qe6 19. b3 f5 20. e3 Rf8 21. Qe2 Ba3
22. Rb1 Rae8 23. Qf3 Bb4 24. Rbc1 Ba3 25. Rb1 Bb4 26. Rbc1 Ba3 1/2-1/2

[Event "8th Sharjah Masters 2025"]
[Site "Sharjah UAE"]
[Date "2025.05.20"]
[Round "4.13"]
[White "Tin, Jingyao"]
[Black "Kacharava, Nikolozi"]
[Result "1/2-1/2"]
[WhiteTitle "GM"]
[BlackTitle "GM"]
[WhiteElo "2601"]
[BlackElo "2516"]
[WhiteFideId "5804418"]
[BlackFideId "13611860"]
[EventDate "2025.05.17"]

1. Nf3 d5 2. g3 Nf6 3. Bg2 c6 4. c4 dxc4 5. O-O Nbd7 6. Na3 Nb6 7. Qc2 g6 8.
Nxc4 Nxc4 9. Qxc4 Bg7 10. Qc2 O-O 11. b3 a5 12. Bb2 a4 13. b4 a3 14. Be5 Qb6 15.
Rab1 Rd8 16. d3 Nd5 17. Bxg7 Kxg7 18. Rb3 f6 19. Nd2 Nxb4 20. Qb1 c5 21. Nc4 Qc7
22. Nxa3 Be6 23. Nc4 Rab8 24. Rb2 b5 25. Nd2 Bd5 26. Rc1 Bxg2 27. Kxg2 Qb6 28.
Kg1 Rdc8 29. Ne4 Na6 30. h4 Qa5 31. Rb3 c4 32. dxc4 bxc4 33. Rxb8 Rxb8 34. Qc2
Rc8 35. Nc3 Qe5 36. Qa4 Qe6 37. Rd1 Nc5 38. Qa7 Kf7 39. Rd4 Rc6 40. Qb8 Rd6 41.
Rxd6 Qxd6 42. Qb4 Qd4 43. Nb5 Qd5 44. Na3 Ne4 45. Qxc4 Qxc4 46. Nxc4 Nc3 47. a3
Nxe2+ 48. Kf1 Nc3 49. Ke1 Ke6 50. Kd2 Na4 51. Kd3 Kd5 52. Ne3+ Kc5 53. g4 e6 54.
f4 Nb6 55. Nd1 Nc4 56. a4 e5 57. Nf2 f5 58. gxf5 gxf5 59. fxe5 Nxe5+ 60. Ke3 h5
61. Kf4 Ng6+ 62. Kg5 Nxh4 63. Nd3+ Kb6 64. Kxh4 Ka5 65. Nb2 f4 66. Kh3 Kb4 67.
Kh4 Ka5 68. Kh3 1/2-1/2

[Event "8th Sharjah Masters 2025"]
[Site "Sharjah UAE"]
[Date "2025.05.20"]
[Round "4.14"]
[White "Ilamparthi, A R"]
[Black "Azarov, Sergei"]
[Result "1/2-1/2"]
[WhiteTitle "IM"]
[BlackTitle "GM"]
[WhiteElo "2469"]
[BlackElo "2596"]
[WhiteFideId "45015775"]
[BlackFideId "13501470"]
[EventDate "2025.05.17"]

1. e4 e5 2. Nf3 Nc6 3. Bc4 Bc5 4. c3 Nf6 5. d4 exd4 6. b4 Bb6 7. e5 d5 8. exf6
dxc4 9. Qe2+ Be6 10. b5 Nb4 11. cxb4 Qxf6 12. O-O O-O 13. a4 a6 14. a5 Ba7 15.
Na3 c3 16. Bg5 Qf5 17. Rad1 Rfe8 18. Rfe1 h6 19. Bc1 Bd7 20. Qf1 Rxe1 21. Qxe1
Re8 22. Qf1 Bxb5 23. Nxb5 Qxb5 24. Qxb5 axb5 25. Kf1 c5 26. bxc5 Bxc5 27. Nxd4
Rd8 28. Be3 c2 29. Rc1 Bxd4 30. Bxd4 Rxd4 31. Rxc2 Ra4 32. Rc7 Rxa5 33. Rxb7 g5
34. Ke2 h5 35. h3 Kg7 36. Rb6 Ra2+ 37. Kf3 Rb2 38. g4 h4 39. Kg2 Rb3 40. Kh2 Rb4
41. Kg2 Kf8 42. Rb7 Ke8 43. Kg1 Rb3 44. Kg2 f6 45. Kh2 Rb2 46. Kg2 Rb4 47. Kg1
Rb3 48. Kg2 b4 49. Kh2 Kd8 50. Kg2 Ke8 51. Kh2 Rb1 52. Kg2 Rb2 53. Kf3 b3 54.
Rb6 Ke7 55. Ke4 Re2+ 56. Kf3 Rb2 57. Ke4 Kf7 58. Kf3 Ke7 59. Ke4 1/2-1/2

[Event "8th Sharjah Masters 2025"]
[Site "Sharjah UAE"]
[Date "2025.05.20"]
[Round "4.15"]
[White "Oro, Faustino"]
[Black "Iniyan, Pa"]
[Result "1/2-1/2"]
[WhiteTitle "IM"]
[BlackTitle "GM"]
[WhiteElo "2454"]
[BlackElo "2573"]
[WhiteFideId "20000197"]
[BlackFideId "25002767"]
[EventDate "2025.05.17"]

1. e4 c5 2. Nf3 d6 3. d4 cxd4 4. Nxd4 Nf6 5. Nc3 a6 6. Be3 e5 7. Nf3 Qc7 8. a4
h6 9. Be2 Be6 10. O-O Nbd7 11. Nd2 Rc8 12. Bf3 Be7 13. a5 O-O 14. Qe2 Qb8 15.
Rfc1 Bd8 16. Ra3 Re8 17. h3 b5 18. axb6 Bxb6 19. Rb1 Bxe3 20. Qxe3 Rc6 21. Be2
Qb7 22. b4 Rb6 23. b5 axb5 24. Nxb5 d5 25. exd5 Nxd5 26. Qg3 Nf4 27. Bf3 Qb8 28.
c4 Bxc4 29. Nxc4 Rxb5 30. Rxb5 Qxb5 31. Nd6 Qb1+ 32. Kh2 Rf8 33. Be4 Qb4 34. Nf5
g6 35. Re3 Nf6 36. Nxh6+ Kh7 37. Ng4 N6h5 38. Qh4 f5 39. g3 fxe4 40. gxf4 exf4
41. Re2 f3 42. Rxe4 Qxe4 43. Nf6+ Rxf6 44. Qxe4 Rf5 1/2-1/2

[Event "8th Sharjah Masters 2025"]
[Site "Sharjah UAE"]
[Date "2025.05.20"]
[Round "4.16"]
[White "Amar, Elham"]
[Black "Assaubayeva, Bibisara"]
[Result "1-0"]
[WhiteTitle "GM"]
[BlackTitle "IM"]
[WhiteElo "2569"]
[BlackElo "2494"]
[WhiteFideId "1533533"]
[BlackFideId "13708694"]
[EventDate "2025.05.17"]

1. e4 c5 2. Nf3 d6 3. d4 cxd4 4. Nxd4 Nf6 5. Nc3 a6 6. Bc4 e6 7. a3 b5 8. Ba2
Be7 9. Be3 O-O 10. Qe2 Bb7 11. O-O-O Nbd7 12. f3 Rc8 13. Qe1 Kh8 14. h4 Qa5 15.
g4 Ne5 16. Kb1 d5 17. g5 Nh5 18. exd5 b4 19. axb4 Bxb4 20. Bd2 Nc4 21. Bxc4 Rxc4
22. Nb3 Qc7 23. dxe6 fxe6 24. Nb5 axb5 25. Bxb4 Rc8 26. Bd6 Qf7 27. Na5 Rxc2 28.
Nxb7 Qxb7 29. Qxe6 Qxf3 30. Rhe1 h6 31. Qe5 R2c6 32. gxh6 Qb3 33. hxg7+ Nxg7 34.
Rg1 Qc2+ 35. Ka1 Rg8 36. Ba3 b4 37. Bxb4 Ra6+ 38. Ba3 Qb3 39. Qe7 Qf3 40. Rdf1
Qd5 41. Rf6 Qd3 42. h5 Qd4 43. Rxa6 Qxg1+ 44. Ka2 1-0

[Event "8th Sharjah Masters 2025"]
[Site "Sharjah UAE"]
[Date "2025.05.20"]
[Round "4.18"]
[White "Sankalp, Gupta"]
[Black "Sevian, Samuel"]
[Result "1/2-1/2"]
[WhiteTitle "GM"]
[BlackTitle "GM"]
[WhiteElo "2559"]
[BlackElo "2694"]
[WhiteFideId "5097010"]
[BlackFideId "2040506"]
[EventDate "2025.05.17"]

1. e4 c5 2. c3 d5 3. exd5 Qxd5 4. d4 Nf6 5. Nf3 e6 6. Be3 cxd4 7. cxd4 Bb4+ 8.
Nc3 Qa5 9. Qc2 Bd7 10. Bd3 Ba4 11. Qd2 Nbd7 12. O-O Bc6 13. a3 Bxc3 14. Qxc3 Qh5
15. Be2 O-O 16. Rfe1 Qf5 17. Ne5 Nxe5 18. dxe5 Ng4 19. f3 Nxe3 20. Qxe3 Rfd8 21.
Rac1 Rd5 22. Bc4 Rd7 23. Rc3 Rad8 24. Qxa7 Rd2 25. b4 Qg6 26. Be2 h6 27. a4 Qg5
28. Qe3 Qh4 29. Rb1 Bxa4 30. b5 Bc2 31. Rc1 Qb4 32. Bf1 Bf5 33. Rb3 Qh4 34. Rbc3
Kh7 35. Rc4 Qh5 36. Rc7 Rb2 37. Rxb7 Rdd2 38. Qf4 Qg6 39. Qg3 Bd3 40. Qxg6+ Kxg6
41. Rd7 Bxf1 1/2-1/2

[Event "8th Sharjah Masters 2025"]
[Site "Sharjah UAE"]
[Date "2025.05.20"]
[Round "4.20"]
[White "Bharath, Subramaniyam H"]
[Black "Idani, Pouya"]
[Result "1/2-1/2"]
[WhiteTitle "GM"]
[BlackTitle "GM"]
[WhiteElo "2556"]
[BlackElo "2630"]
[WhiteFideId "46634827"]
[BlackFideId "12510130"]
[EventDate "2025.05.17"]

1. e4 c5 2. Nf3 d6 3. d4 cxd4 4. Nxd4 Nf6 5. Nc3 a6 6. Be3 e5 7. Nf3 Be7 8. Bc4
Be6 9. Bxe6 fxe6 10. Ng5 Qd7 11. Qf3 Nc6 12. Qh3 Nd8 13. O-O-O h6 14. Bb6 O-O
15. Bxd8 hxg5 16. Bxe7 Qxe7 17. Rd2 Rac8 18. Re1 Rc6 19. Qg3 b5 20. Qxg5 Qc7 21.
Qe3 Rc8 22. a3 Qb8 23. Nb1 a5 24. Ree2 b4 25. h4 Qb5 26. Qb3 Kf7 27. a4 Qa6 28.
Qf3 Rh8 29. g3 Rf8 30. b3 Kg8 31. Kb2 Qb7 32. Qe3 Rfc8 33. f3 Qc7 34. Kc1 Qf7
35. Kb2 Nh5 36. Qg5 Nf6 37. Rh2 d5 38. exd5 Nxd5 39. h5 Qf6 40. Qxf6 gxf6 41.
Rd1 Ne3 42. Rc1 Kh7 43. Rd2 Kh6 44. c3 Nf5 45. Rdc2 Ne3 46. Rd2 Kxh5 47. Rd3 Nd5
48. c4 Kg6 49. Nd2 Nc3 50. Rh1 f5 51. Rd7 R8c7 52. Rd8 Ne2 53. Re1 Nc3 54. Rxe5
Rh7 55. Rxa5 Rh2 56. Kc2 Rc7 57. Ra6 Kf6 58. Rb6 Ke7 59. Rd3 Nd5 60. Rb8 f4 61.
gxf4 Nxf4 62. Rdd8 Rc5 63. Re8+ Kd7 64. Rbd8+ Kc7 65. Rc8+ Kb6 66. Rxc5 Kxc5 67.
a5 Rh1 68. Rc8+ Kd4 69. Rd8+ Ke3 70. c5 Rh2 71. c6 Nd5 72. c7 Nxc7 73. Rd3+ Ke2
74. Nc4 Rh5 75. Re3+ Kf2 76. Kd3 Rd5+ 77. Ke4 Ne8 78. Kf4 Rf5+ 79. Ke4 Rd5 80.
Kf4 Rf5+ 81. Ke4 1/2-1/2

[Event "8th Sharjah Masters 2025"]
[Site "Sharjah UAE"]
[Date "2025.05.20"]
[Round "4.21"]
[White "Xu, Xiangyu"]
[Black "Zhu, Jiner"]
[Result "1/2-1/2"]
[WhiteTitle "GM"]
[BlackTitle "GM"]
[WhiteElo "2623"]
[BlackElo "2541"]
[WhiteFideId "8608288"]
[BlackFideId "8608059"]
[EventDate "2025.05.17"]

1. d4 Nf6 2. c4 e6 3. Bf4 d5 4. cxd5 Nxd5 5. Bg3 c5 6. e4 Nf6 7. Nd2 Nc6 8. dxc5
Bxc5 9. e5 Nd5 10. a3 O-O 11. Ngf3 Nd4 12. Bd3 Nf5 13. Qe2 Be7 14. O-O h5 15.
Bxf5 exf5 16. h3 Be6 17. Nb3 h4 18. Bh2 Qb6 19. Nbd4 a6 20. Qd2 Rfd8 21. Rfd1
Rd7 22. Nxe6 fxe6 23. Bf4 Rad8 24. Bg5 Nf6 25. Qe2 Rxd1+ 26. Rxd1 Rxd1+ 27. Qxd1
Ne4 28. Be3 Qxb2 29. Qd7 Kf7 30. a4 f4 31. Bxf4 Qxf2+ 32. Kh2 g5 33. Qxb7 gxf4
34. Qxe4 Qe3 35. Qc4 a5 36. Qc7 Qc5 37. Qxc5 Bxc5 38. Nxh4 Bf2 39. Nf3 Kg6 40.
h4 Kf5 41. Kh3 Bc5 42. h5 Bf8 43. Nd4+ Kxe5 44. Nb3 Kf5 45. Nxa5 e5 46. Nb3 Bd6
47. a5 Kg5 48. a6 Bb8 49. h6 Kxh6 50. Kg4 e4 51. Nc5 f3 52. gxf3 e3 53. f4 Ba7
54. Nd3 Kg6 55. Nb4 Kf6 56. Kf3 Kf5 57. Nc2 e2 58. Ne1 Bb6 59. Nd3 Bd4 60. Kxe2
Ke4 61. Kd2 Kd5 62. f5 Kc6 63. Nb4+ Kb6 64. Kd3 Bg7 65. Kc4 Bh8 66. Kd5 Bc3 67.
Nc6 Kxa6 68. Ne5 Kb7 69. f6 Kc7 70. Ke6 Bb2 71. f7 Ba3 72. Nd3 Bf8 73. Nf4 Kd8
74. Ne2 Kc7 75. Nc3 Bc5 76. Nb5+ Kc6 77. Nd4+ Kc7 78. Nf3 Bf8 79. Ne5 Ba3 80.
Kf6 Kd8 81. Ke6 Kc7 82. Kf5 Bf8 83. Kf6 Bb4 84. Nd3 Ba3 85. Ke6 Bf8 86. Ne5 1/2-1/2

[Event "8th Sharjah Masters 2025"]
[Site "Sharjah UAE"]
[Date "2025.05.20"]
[Round "4.22"]
[White "Paravyan, David"]
[Black "Xiao, Tong(QD)"]
[Result "1/2-1/2"]
[WhiteTitle "GM"]
[BlackTitle "GM"]
[WhiteElo "2596"]
[BlackElo "2493"]
[WhiteFideId "4194985"]
[BlackFideId "8622388"]
[EventDate "2025.05.17"]

1. d4 Nf6 2. c4 e6 3. Nf3 d5 4. Bg5 h6 5. Bxf6 Qxf6 6. e3 Nd7 7. g3 Bb4+ 8. Nbd2
dxc4 9. Bg2 c3 10. bxc3 Bxc3 11. Rc1 Bxd2+ 12. Nxd2 c6 13. O-O O-O 14. Nc4 Qe7
15. Qd2 Nb6 16. Ne5 Nd7 17. Rfd1 Rd8 18. Qb2 a5 19. Nd3 a4 20. a3 Ra5 21. Qc3
Ra8 22. Rb1 Nf6 23. e4 Qc7 24. Ne5 Nd7 25. Nc4 b5 26. Ne3 Ba6 27. d5 1/2-1/2

[Event "8th Sharjah Masters 2025"]
[Site "Sharjah UAE"]
[Date "2025.05.20"]
[Round "4.23"]
[White "Pranav, Anand"]
[Black "Pichot, Alan"]
[Result "1/2-1/2"]
[WhiteTitle "GM"]
[BlackTitle "GM"]
[WhiteElo "2555"]
[BlackElo "2587"]
[WhiteFideId "46626786"]
[BlackFideId "110973"]
[EventDate "2025.05.17"]

1. e4 e5 2. Nf3 Nc6 3. Bb5 a6 4. Ba4 Nf6 5. O-O Be7 6. Re1 b5 7. Bb3 d6 8. c3
O-O 9. h3 Nb8 10. d4 Nbd7 11. Bc2 Bb7 12. Nbd2 Re8 13. Nf1 Bf8 14. Ng3 a5 15.
Bd2 a4 16. Bd3 c6 17. Rc1 g6 18. Be3 Qc7 19. Qd2 Rad8 20. Bg5 Bg7 21. Nh2 Qb6
22. Be3 exd4 23. cxd4 c5 24. d5 b4 25. f4 Ba6 26. Nf3 Re7 27. Bb1 Rde8 28. Kh1
Bb7 29. f5 b3 30. axb3 axb3 31. Bh6 Bh8 32. Rf1 Ba6 33. Rf2 c4 34. Be3 Nc5 35.
Re1 c3 36. bxc3 Qb5 37. Bd4 Nd3 38. Bxd3 Qxd3 39. Qg5 Nxe4 40. Rxe4 Rxe4 41.
Bxh8 Kxh8 42. fxg6 fxg6 43. Qf6+ Kg8 44. Ng5 R4e7 45. Ne6 h6 46. Nf5 gxf5 47.
Qg6+ Kh8 48. Qxh6+ Kg8 49. Qg6+ Kh8 50. Rf4 Qe4 51. Rxe4 fxe4 52. Qh5+ Kg8 53.
Qg4+ Kh8 54. Qh4+ Kg8 55. Qxe4 b2 56. Qb4 Rb7 57. Qg4+ Kh8 58. Qh5+ Kg8 59.
Qxe8+ Kh7 60. Qh5+ Kg8 61. Qg5+ Kh8 62. Qf6+ Kg8 63. Qd8+ Kh7 64. Nf8+ Kg7 65.
Ne6+ Kh7 66. Qh4+ Kg8 67. Qg5+ Kh8 68. Qh6+ Kg8 69. Qg6+ Kh8 70. Qb1 Bd3 71.
Qxd3 b1=Q+ 72. Qxb1 Rxb1+ 73. Kh2 Kg8 74. Kg3 Rb3 75. Kg4 Rxc3 76. h4 Re3 77.
Kf5 Re5+ 78. Kg6 Re4 79. h5 Rg4+ 80. Ng5 Rxg2 81. h6 Kh8 82. Kf6 Re2 83. h7 Re1
84. Kg6 Rg1 85. Kh6 Rh1+ 86. Kg6 Rg1 87. Kf6 Re1 88. Nf7+ Kxh7 89. Nxd6 Rd1 90.
Ke6 Rxd5 91. Kxd5 1/2-1/2

[Event "8th Sharjah Masters 2025"]
[Site "Sharjah UAE"]
[Date "2025.05.20"]
[Round "4.24"]
[White "Mamedov, Edgar"]
[Black "Can, Emre"]
[Result "1/2-1/2"]
[WhiteTitle "IM"]
[BlackTitle "GM"]
[WhiteElo "2492"]
[BlackElo "2568"]
[WhiteFideId "13739980"]
[BlackFideId "6302181"]
[EventDate "2025.05.17"]

1. d4 d5 2. c4 e6 3. Nc3 Nf6 4. Nf3 Bb4 5. e3 O-O 6. Bd2 Nbd7 7. Rc1 Be7 8. a3
a6 9. cxd5 exd5 10. Bd3 Bd6 11. O-O Re8 12. Qc2 c5 13. dxc5 Nxc5 14. Bf5 Nce4
15. Bxc8 Rxc8 16. Qd3 Nc5 17. Qc2 Nce4 18. Qd3 Nc5 19. Qc2 1/2-1/2

[Event "8th Sharjah Masters 2025"]
[Site "Sharjah UAE"]
[Date "2025.05.20"]
[Round "4.25"]
[White "Akobian, Varuzhan"]
[Black "Huang, Renjie"]
[Result "1/2-1/2"]
[WhiteTitle "GM"]
[WhiteElo "2564"]
[BlackElo "2491"]
[WhiteFideId "13300580"]
[BlackFideId "8610134"]
[EventDate "2025.05.17"]

1. d4 d5 2. Nf3 Nf6 3. c4 dxc4 4. e3 e6 5. Bxc4 c5 6. O-O a6 7. dxc5 Bxc5 8.
Qxd8+ Kxd8 9. a3 Ke7 10. b4 Bd6 11. Bb2 b5 12. Be2 Bb7 13. Nbd2 Nbd7 14. Nb3
Rac8 15. Nfd4 Nb6 16. Na5 Bd5 17. Rac1 Rxc1 18. Rxc1 Rc8 19. Rxc8 Nxc8 20. f3
Ba8 21. e4 Nd7 22. Kf2 Bc7 23. a4 Bb6 24. Ke1 bxa4 25. Bxa6 Na7 26. Kd2 g6 27.
Nc4 Bc7 28. b5 Nb6 29. Kc3 Nac8 30. Bxc8 Nxc8 31. h3 e5 32. Ba3+ Kd7 33. Ne2 Nb6
34. Bc5 Nxc4 35. Kxc4 f5 36. Nc3 fxe4 37. fxe4 Bd6 38. Bxd6 Kxd6 39. Kb4 a3 40.
Kxa3 Kc5 41. Ka4 Kc4 42. Nd5 Bxd5 43. exd5 Kxd5 44. Kb4 e4 45. Kc3 Kc5 46. b6
Kxb6 47. Kd4 Kc6 48. Kxe4 Kd6 49. Kf4 Ke6 50. Kg5 Kf7 51. Kh6 Kg8 52. h4 Kh8 53.
h5 gxh5 54. Kxh5 Kg7 55. Kg5 h6+ 56. Kh5 Kh7 57. g4 Kg7 58. g5 hxg5 59. Kxg5 1/2-1/2

[Event "8th Sharjah Masters 2025"]
[Site "Sharjah UAE"]
[Date "2025.05.20"]
[Round "4.26"]
[White "Rohith, Krishna S"]
[Black "Sargissian, Gabriel"]
[Result "1/2-1/2"]
[WhiteTitle "IM"]
[BlackTitle "GM"]
[WhiteElo "2490"]
[BlackElo "2641"]
[WhiteFideId "46617051"]
[BlackFideId "13300881"]
[EventDate "2025.05.17"]

1. d4 d5 2. c4 e6 3. Nc3 Nf6 4. Nf3 Be7 5. Bf4 O-O 6. e3 c5 7. dxc5 Bxc5 8. Qc2
Nc6 9. a3 Qa5 10. Rd1 h6 11. Nd2 d4 12. Nb3 Qb6 13. Nxc5 Qxc5 14. b4 Qe7 15.
exd4 a5 16. c5 axb4 17. axb4 Nd5 18. Nxd5 exd5+ 19. Be2 Bg4 20. Be3 Nxb4 21. Qb3
Bxe2 22. Kxe2 Nc6 23. Rhe1 Qd7 24. Kf1 Na5 25. Qc2 Nc4 26. Bf4 Rfe8 27. h3 Ra6
28. Rxe8+ Qxe8 29. Re1 Re6 30. Rxe6 Qxe6 31. Qd3 g5 32. Bb8 Kg7 33. g4 Na5 34.
Be5+ f6 35. Bd6 Nc6 36. f3 Qd7 37. Kf2 Na5 38. Qe2 Nc4 39. Bg3 Qf7 40. h4 gxh4
41. Bxh4 f5 42. gxf5 Qxf5 43. Qe7+ Qf7 44. Qe1 Qf4 45. Qe7+ Qf7 46. Qe1 Qf4 47.
Qe7+ Qf7 1/2-1/2

[Event "8th Sharjah Masters 2025"]
[Site "Sharjah UAE"]
[Date "2025.05.20"]
[Round "4.27"]
[White "Lobanov, Sergei"]
[Black "Predke, Alexandr"]
[Result "1/2-1/2"]
[WhiteTitle "GM"]
[BlackTitle "GM"]
[WhiteElo "2527"]
[BlackElo "2631"]
[WhiteFideId "24183750"]
[BlackFideId "24107581"]
[EventDate "2025.05.17"]

1. d4 d5 2. c4 e6 3. Nc3 c6 4. cxd5 exd5 5. Bf4 Bd6 6. Bxd6 Qxd6 7. Qb3 Qe7 8.
e3 Nh6 9. Nf3 Nd7 10. Bd3 Nf6 11. Qc2 g6 12. O-O Bf5 13. Rfe1 O-O 14. e4 dxe4
15. Nxe4 Bxe4 16. Bxe4 Qd6 17. Bd3 Nd5 18. a3 Ng4 19. g3 Rad8 20. Qb3 Qc7 21.
Rac1 Qb6 22. Qc2 Rfe8 23. Bc4 Kg7 24. Qd2 Ndf6 25. h3 Nh6 26. g4 Nd5 27. Bxd5
Rxe1+ 28. Rxe1 Rxd5 29. Re8 Ng8 30. Ne5 f6 31. Nf3 Rd8 32. Ne5 fxe5 33. Re7+ 1/2-1/2

[Event "8th Sharjah Masters 2025"]
[Site "Sharjah UAE"]
[Date "2025.05.20"]
[Round "4.28"]
[White "Samadov, Read"]
[Black "Muradli, Mahammad"]
[Result "1/2-1/2"]
[WhiteTitle "IM"]
[BlackTitle "GM"]
[WhiteElo "2521"]
[BlackElo "2603"]
[WhiteFideId "13417444"]
[BlackFideId "13409301"]
[EventDate "2025.05.17"]

1. d4 Nf6 2. c4 e6 3. Nf3 d5 4. Nc3 Nbd7 5. Bg5 h6 6. Bh4 Be7 7. e3 O-O 8. Rc1
dxc4 9. Bxc4 a6 10. a4 c5 11. O-O cxd4 12. Nxd4 Ne5 13. Be2 Qb6 14. Bg3 Nc6 15.
Nxc6 bxc6 16. Qc2 Bb7 17. Bf3 Nd5 18. Rfd1 Rac8 19. h3 Rfd8 20. Nxd5 cxd5 21.
Bc7 Qa7 22. Qb3 Rd7 23. Qb6 Qxb6 1/2-1/2

[Event "8th Sharjah Masters 2025"]
[Site "Sharjah UAE"]
[Date "2025.05.20"]
[Round "4.29"]
[White "Vescovi, Giovanni"]
[Black "Malek, Jan"]
[Result "0-1"]
[WhiteTitle "GM"]
[BlackTitle "GM"]
[WhiteElo "2584"]
[BlackElo "2511"]
[WhiteFideId "2100789"]
[BlackFideId "21864080"]
[EventDate "2025.05.17"]

1. d4 d5 2. Nf3 Nf6 3. Bf4 c5 4. e3 Nc6 5. c3 e6 6. Nbd2 cxd4 7. exd4 Nh5 8. Bg5
f6 9. Be3 Bd6 10. Bb5 O-O 11. O-O Nf4 12. Re1 Ng6 13. Nb3 Nce7 14. Bd3 Bd7 15.
c4 a5 16. Rc1 Bc6 17. a3 a4 18. Nc5 Bxc5 19. dxc5 e5 20. cxd5 Nxd5 21. Qc2 Qe8
22. Nd2 Nh4 23. f3 Qh5 24. Nc4 Rad8 25. Bd2 Nxg2 26. Bxh7+ Kh8 27. Bg6 Nxe1 28.
Bxh5 Nxc2 29. Rxc2 g6 30. Bg4 Nf4 0-1

[Event "8th Sharjah Masters 2025"]
[Site "Sharjah UAE"]
[Date "2025.05.20"]
[Round "4.30"]
[White "Bai, Jinshi"]
[Black "Petkov, Momchil"]
[Result "1/2-1/2"]
[WhiteTitle "GM"]
[BlackTitle "GM"]
[WhiteElo "2572"]
[BlackElo "2524"]
[WhiteFideId "8602280"]
[BlackFideId "2921642"]
[EventDate "2025.05.17"]

1. Nf3 Nf6 2. g3 g6 3. b3 Bg7 4. Bb2 d6 5. d4 b5 6. Bg2 Bb7 7. O-O Nbd7 8. Na3
Rb8 9. c4 bxc4 10. Nxc4 O-O 11. Rc1 Be4 12. Qd2 Rb5 13. Rfd1 Qb8 14. Ne1 Bxg2
15. Nxg2 Rc8 16. Qd3 d5 17. Ne5 Nxe5 18. dxe5 Nd7 19. e6 Bxb2 20. exd7 Rd8 21.
Rxc7 Qxc7 22. Qxb5 Qxd7 23. Qxd7 Rxd7 24. e4 d4 25. Nf4 Rc7 26. Nd5 Rc2 27.
Nxe7+ Kf8 28. Nd5 Bc3 29. Nxc3 dxc3 30. Rd3 Rxa2 31. Rxc3 h5 32. Kg2 a5 33. Kf3
a4 34. bxa4 Rxa4 35. Ke3 Ra2 36. h3 Kg7 37. Rd3 Ra1 38. Kd4 Rf1 39. Rd2 Ra1 1/2-1/2